000 00427nam a2200157Ia 4500
008 151213s9999 xx 000 0 und d
100 _aAlam M.Rugman & Richard M.Hodetts
245 _aInternational Business
_cAlam M.Rugman & Richard M.Hodetts
250 _a3rd
260 _aNew Delhi
_c2002
300 _a2155 p.
650 _aBusiness
650 _aBusiness
700 _aAlam M.Rugman & Richard M.Hodetts
999 _c1581
_d1581